| 000 | 00520nam a2200145 a 4500 | ||
|---|---|---|---|
| 001 | BRCA_3483 | ||
| 005 | 20190320204313.0 | ||
| 050 | 4 |
_aNK4031 _b.B54 4 _c2009 |
|
| 245 | 1 | 0 |
_a4 [i.e. Cuarta] Bienal de Cerámica Utilitaria _bMuseo Franz Mayer. |
| 260 |
_aMéxico _bMuseo Franz Mayer _c2009 |
||
| 300 |
_a40 p. _bil. _c22 cm. |
||
| 500 | _aCatálogo de la exposición realizada en el Museo Franz Mayer (Ciudad de México), 6 marzo - 7 junio, 2009 | ||
| 650 | 1 | 4 |
_aCerámica mexicana _vExposiciones _ySiglo XXI _99062 |
| 942 |
_2lcc _cB |
||
| 999 |
_c3219 _d3219 |
||